000 00392nam a22001457a 4500
003 OSt
005 20260310164514.0
008 260310b |||||||| |||| 00| 0 eng d
020 _a9783763344352
040 _ca
245 _aNorwegen
_bJotunheimen - Rondane
_cBernhard Pollmann
260 _aMünchen
_bBergverlag Rother GmbH
_c2017
630 _aWanderbuch
_lDeutsch
_zNorwegen
942 _2z
_cBK
_n0
999 _c1313
_d1313